أسرار القوة الذاتية : (Record no. 15316)
[ view plain ]
| 000 -الفاتح | |
|---|---|
| حقل البيانات ثابتة الطول | 00895nam a22002057a 4500 |
| 008 - عناصر البيانات ثابتة الطول - معلومات عامة | |
| حقل البيانات ثابتة الطول | 110518s2010 ku|||||r|||| 000 0 ara d |
| 020 ## - الرقم الدولى المعيارى للكتب | |
| الرقم الدولى المعيارى للكتاب | 9789990698633 |
| 082 ## - رقم تصنيف ديوى العشرى | |
| رقم الطبعة | 22 |
| رقم التصنيف | 158.1 |
| رقم المادة | ف ق ي |
| 100 ## - المدخل الرئيسى - إسم شخصى | |
| 9 (RLIN) | 23913 |
| الإسم الشخصى | الفقي، إبراهيم |
| 245 ## - بيان العنوان | |
| العنوان | أسرار القوة الذاتية : |
| بقية العنوان | 7 أسرار خاصة جدا لبناء قوتك الشخصية / |
| بيان المسئوليه,etc | ترجمة وتعريب ميسونعبد الرحمن النحلاوي،نعمت صناديقي؛ إبراهيم الفقي |
| 260 ## - PUBLICATION, DISTRIBUTION, ETC. (IMPRINT) | |
| مكان الناشر او الموزع | الكويت : |
| اسم الناشر او الموزع | الإبداع الفكري، 2010 |
| تاريخ النشر أو التوزيع | 2010 |
| 300 ## - الوصف المادى | |
| التعداد | 266 ص : |
| تفاصيل ماديه اخرى للوعاء | صور لو ؛ |
| أبعاد الوعاء | 23سم |
| 650 ## - المدخل الاضافى بالموضوع-مصطلح موضوعى | |
| 9 (RLIN) | 297 |
| مصطلح موضوعي أو اسم جغرافي كعنصر مدخل | الشخصية |
| 650 ## - المدخل الاضافى بالموضوع-مصطلح موضوعى | |
| 9 (RLIN) | 23914 |
| مصطلح موضوعي أو اسم جغرافي كعنصر مدخل | الأسرار |
| 650 ## - المدخل الاضافى بالموضوع-مصطلح موضوعى | |
| 9 (RLIN) | 23916 |
| مصطلح موضوعي أو اسم جغرافي كعنصر مدخل | النجاح الشخصي |
| 653 ## - مصطلح تكشيفى غير مقيد | |
| Resource For college | |
| Arrived date list | May2011 |
| 700 ## - المدخل الاضافى - اسم شخصى | |
| 9 (RLIN) | 23929 |
| الإسم الشخصى | صناديقي، نعمت |
| 700 ## - المدخل الاضافى - اسم شخصى | |
| 9 (RLIN) | 23930 |
| الإسم الشخصى | النحلاوي، ميسون عبد الرحمن |
| 942 ## - عناصر المدخل الإضافي( كوها) | |
| مصدر التصنيف او مخطط الترفيف | Dewey Decimal Classification |
| Koha [default] item type | Book - Borrowing |
| حالة التراجع | حالة الفقد | مصدر التصنيف او خطة الترفيف | حالة تلف | ليس للاعارة | مجموعات كوها | المكان الدائم | المكان الحالي | موقع الترفيف | تاريخ الاكتساب | Source of acquisition | سعر الشراء الطبيعي | تعداد مسلسل / التسلسل الزمني | رقم الاستدعاء | الباركود | Date last checked out | Date last seen | مُعار | نوع الوعاء |
|---|---|---|---|---|---|---|---|---|---|---|---|---|---|---|---|---|---|---|
| Dewey Decimal Classification | Diwan | Central Library | Central Library | Lower Floor | 18/05/2011 | 75.00 | 124070 | 137 ف ق ي | 000023597 | 21/11/2013 | 31/10/2013 | 31/10/2013 | Book - Borrowing |